000 00719nam a2200277 4500
001 15065465
005 20141024160110.0
006 000
007 000
008 000
010 _a 2007940558
020 _a9780495383628
040 _aUOEL
_cDLC
050 _aQA303
_b.S83 2009
100 1 _aStewart, James.
245 1 0 _aMetric international version calculus /
_cJames Stewart.
250 _a6th ed.
260 _aBelmont, CA :
_bThomson Brooks/Cole,
_cc2009.
263 _a0801
300 _axxviii, 1174, 137, 10p. :
_bill.
500 _aIncludes appendixes, index
650 _aCalculus
_xMathematics
906 _a0
_bibc
_corignew
_d2
_eepcn
_f20
_gy-gencatlg
942 _2lcc
_cSL2
999 _c940
_d940